Statistics for ♫ Stitches Lyrics - Shawn Mendes ♫

Click here to take the quiz!

General Stats

  • This quiz has been taken 6,889 times
    (6,885 since last reset)
  • The average score is 17 of 24

Answer Stats

Lyrical Line% Correct
Move {on}
94%
Got a {feeling} that I'm going under
93%
If I {quit} calling you my lover
93%
I'll be needing {stitches}
91%
Your {words} cut deeper than a knife
91%
I thought that I'd been {hurt} before
88%
But I know that I'll make it {out} {alive}
87%
And now that I'm {without} your kisses
84%
Tripping over {myself}
81%
But no one's ever left me {quite} {this} sore
80%
Aching, {begging} you to come help
79%
You watch me {bleed} until I can't breathe
78%
{Shaking}, falling onto my knees
75%
I couldn't sense the {pain}
66%
{Needle} and the thread,
65%
Gotta {get} {you} {out} of my head
62%
Needle and the {thread},
61%
Now I need someone to {breathe} {me} back to life
61%
Gonna {wind} up dead
57%
Your bitter heart {cold} to the touch
57%
Just like a {moth} {drawn} to a flame
52%
Now I'm gonna {reap} what I sow
51%
I'm left {seeing} red on my own
49%
Oh, you {lured} me in
34%

Score Distribution

Percentile by Number Answered

Percent of People with Each Score

Your Score History

You have not taken this quiz since the last reset